000 00864nam a2200217 a 4500
001 48539
003 BD-RjU
005 20211209054536.0
008 160814b1958 ii ||||e |||| 00| 0 ben d
035 _a(BD-RjUL)48658
040 _aBD-RjUL
_bben
_cBD-RjUL
041 _aben
082 _a891.4409
_bCHB 1958
_223
100 _aচৌধুরী, নারায়ন
_9112136
245 1 0 _aআধুনিক বাংলা সাহিত্যর মূল্যায়ন /
_cনারায়ন চৌধুরী
260 _aকলিকাতা :
_bজিজ্ঞাসা,
_c১৯৫৮.
300 _a[৮], ১৩৬ পৃ. ;
_c২২ সেমি.
650 _aবাংলা সাহিত্য
_xইতিহাস ও সমালোচনা
_9118060
650 _aBengali Literature
_xHistory and Criticism
_9117020
942 _2ddc
_cBK
999 _c48539
_d48539